000 00478nam a22001817a 4500
003 CEME
005 20210628201817.0
008 210216b xxu||||| |||| 00| 0 eng d
020 _a0-256-16415-0
040 _c.
082 _a621.3827 LIU
100 _aLiu, Max Ming-Kang
_956921
245 _aPrinciples and applications of optical communications
260 _aCHICAGO
_bIRWIN
_c1996
300 _aXIX,1003P
650 _aOPTICAL COMMUNICATIONS
_955546
942 _cBK
_2ddc
999 _c567240
_d567240